000 00261nam a2200121Ia 4500
008 221102s9999 xx 000 0 und d
041 _aeng
082 _bRam
100 _aRamji Lall
245 _aHamlet
250 _a27
260 _bRama Brothers
_c1905-07-03
999 _c82020
_d82020